[Event "CFriend MZ-2004-2-00002 email"]
[Site "Chessfriend.com"]
[Date "2004.08.28"]
[Round "1"]
[White "Ferrero, Marcelo"]
[Black "Weber, Daniel"]
[Result "0-1"]
[WhiteElo "2149"]
[BlackElo "2189"]
[PlyCount "66"]
[EventDate "2004.??.??"]
[EventType "tourn (corr)"]
[EventRounds "6"]
[SourceTitle "Corr 2024"]
[Source "ChessBase"]
[SourceDate "2023.10.19"]
[SourceVersion "1"]
[SourceVersionDate "2023.10.19"]
[SourceQuality "1"]

1. e4 e6 2. d4 d5 3. e5 c5 4. Nc3 cxd4 5. Qxd4 Nc6 6. Qf4 d4 7. Nb5 a6 8. Nd6+ Bxd6 9. exd6 Nf6 10. Qg3 0-0 11. Bg5 e5 12. Qa3 Re8 13. Bc4 Be6 14. Bxe6 Rxe6 15. Nf3 Qxd6 16. Qxd6 Rxd6 17. Bxf6 Rxf6 18. 0-0 Rd6 19. a3 f5 20. Nd2 Rc8 21. Nc4 Rdd8 22. Rfe1 e4 23. Nb6 Rc7 24. Rad1 Ne5 25. c4 Nd3 26. Re2 Rc6 27. Nd5 Kf7 28. f3 b5 29. fxe4 bxc4 30. Rf1 Rb8 31. Rxf5+ Ke6 32. Rd2 Rxb2 33. Nf4+ Nxf4 0-1

[Event "CFriend MZ-2004-2-00002 email"]
[Site "Chessfriend.com"]
[Date "2004.08.28"]
[Round "1"]
[White "Mary, Patrick"]
[Black "Ferrero, Marcelo"]
[Result "1-0"]
[WhiteElo "2074"]
[BlackElo "2149"]
[PlyCount "39"]
[EventDate "2004.??.??"]
[EventType "tourn (corr)"]
[EventRounds "6"]
[SourceTitle "Corr 2024"]
[Source "ChessBase"]
[SourceDate "2023.10.19"]
[SourceVersion "1"]
[SourceVersionDate "2023.10.19"]
[SourceQuality "1"]

1. e4 e5 2. Nf3 Nc6 3. Nc3 d6 4. d4 exd4 5. Nxd4 Nxd4 6. Qxd4 Be6 7. Bf4 Qd7 8. Bb5 c6 9. Be2 a6 10. 0-0-0 0-0-0 11. Rd2 Qc7 12. Rhd1 h6 13. Na4 Nf6 14. e5 Nd5 15. exd6 Bxd6 16. Bxd6 Qxd6 17. Qa7 Qb4 18. Rd4 Qa5 19. c4 c5 20. Rxd5 1-0

[Event "CAPA 5/01 email"]
[Site "Argentina"]
[Date "2001.??.??"]
[Round "?"]
[White "Iannuzzi Foti, Rafael"]
[Black "Ferrero, Marcelo"]
[Result "1/2-1/2"]
[WhiteElo "2095"]
[BlackElo "2155"]
[PlyCount "57"]
[EventDate "2001.??.??"]
[EventType "tourn (corr)"]
[EventRounds "6"]
[EventCountry "ARG"]
[SourceTitle "Corr 2002"]
[Source "ChessBase"]
[SourceDate "2002.05.23"]
[SourceVersion "1"]
[SourceVersionDate "2002.05.23"]
[SourceQuality "1"]

1. d4 f5 2. Nf3 g6 3. Nc3 Nf6 4. Bf4 Bg7 5. e3 0-0 6. Bc4+ d5 7. Bb3 c6 8. 0-0 a5 9. a3 Re8 10. Ne2 b5 11. a4 Ba6 12. axb5 cxb5 13. c3 Nc6 14. Ne5 Rc8 15. Nd3 e6 16. Nc5 Qb6 17. Nxa6 Qxa6 18. Nc1 a4 19. Nd3 Qb6 20. Ba2 Ne4 21. f3 Nf6 22. Qe1 Nd7 23. Rf2 Na5 24. e4 Nc4 25. exf5 exf5 26. Re2 Rxe2 27. Qxe2 a3 28. Kh1 axb2 29. Nxb2 1/2-1/2

[Event "EM/7/I/10 corr"]
[Site "CAPA email"]
[Date "1999.??.??"]
[Round "3"]
[White "Ferrero, Marcelo"]
[Black "Mateo, Sebastian"]
[Result "1-0"]
[WhiteElo "2096"]
[BlackElo "2000"]
[PlyCount "21"]
[EventDate "1999.06.24"]
[EventType "swiss (corr)"]
[EventRounds "7"]
[EventCountry "ARG"]
[SourceTitle "Corr 2002"]
[Source "ChessBase"]
[SourceDate "2002.05.23"]
[SourceVersion "1"]
[SourceVersionDate "2002.05.23"]
[SourceQuality "1"]

1. d4 d5 2. c4 e6 3. Nc3 Nf6 4. Nf3 Nbd7 5. e3 c5 6. cxd5 exd5 7. dxc5 Nxc5 8. b4 Nce4 9. Bb2 Be7 10. Qd4 0-0 11. Bb5 1-0

[Event "EM/4/I/03 email"]
[Site "CAPA email"]
[Date "1998.??.??"]
[Round "2"]
[White "Ferrero, Marcelo"]
[Black "Toledo, Ruben Javier"]
[Result "1-0"]
[WhiteElo "2000"]
[BlackElo "2000"]
[PlyCount "89"]
[EventDate "1998.06.17"]
[EventType "tourn (corr)"]
[EventRounds "6"]
[EventCountry "ARG"]
[SourceTitle "Corr 2002"]
[Source "ChessBase"]
[SourceDate "2002.05.23"]
[SourceVersion "1"]
[SourceVersionDate "2002.05.23"]
[SourceQuality "1"]

1. e4 e6 2. Nc3 d5 3. d4 Bb4 4. e5 c5 5. a3 Bxc3+ 6. bxc3 Qc7 7. Nf3 Ne7 8. Bd3 b6 9. 0-0 Ba6 10. Re1 Bxd3 11. cxd3 Nd7 12. dxc5 Nxc5 13. Rb1 0-0 14. a4 Ng6 15. Be3 Rac8 16. Bd4 Nf4 17. Re3 Rfe8 18. Rb5 a6 19. Rb4 a5 20. Rb5 Qd8 21. g3 Ng6 22. Re2 Rc6 23. Reb2 Qc7 24. h3 Rb8 25. Qc2 h6 26. Rb1 Nd7 27. Re1 Ne7 28. Rb3 Nf5 29. g4 Nxd4 30. Nxd4 Rc5 31. Nb5 Qd8 32. d4 Rc6 33. Nd6 Qe7 34. Qd3 f6 35. f4 Rf8 36. Qg3 g5 37. f5 fxe5 38. dxe5 Nc5 39. f6 Qh7 40. Ra3 Qc2 41. Nb5 Rcc8 42. Qe3 Nd3 43. Nd4 Nxe1 44. Nxc2 Nxc2 45. Qd3 1-0